000 00227nam a22000977a 4500
008 230704b xxu||||| |||| 00| 0 eng d
082 _a392.1
_bPRB
245 _aAbandoning Female genital cutting
300 _a31p
942 _2ddc
_cBK
999 _c3867
_d3867